| 000 | 00337nam a2200121Ia 4500 | ||
|---|---|---|---|
| 008 | 220120s9999||||xx |||||||||||||| ||und|| | ||
| 082 | _a823 SNO | ||
| 100 |
_aSnow, Alan _911868 |
||
| 245 | 0 | _aWorse things happen at sea | |
| 260 |
_aOxford university press _bMumbai _c2010 |
||
| 300 |
_aXI,813p.;28cm _b500 |
||
| 650 | _aPROGRAMMING LANGUAGE | ||
| 999 |
_c137406 _d137406 |
||